[Event "Junior Online 4NCL Division 4"]
[Site "online"]
[Date "2020.10.15"]
[Round "5.192"]
[White "Khoo, Cheng Fong Winston"]
[Black "Haga, Xander"]
[Result "1/2-1/2"]
[WhiteElo "1090"]
[BlackElo "857"]
[PlyCount "153"]
[EventDate "2020.10.15"]
[WhiteTeam "Barnet Knights E"]
[BlackTeam "Coldfall Bishops"]

1. d4 d5 2. c4 e6 3. Nc3 Bb4 4. a3 Bxc3+ 5. bxc3 Nf6 6. cxd5 Qxd5 7. Nf3 Ne4 8.
Qd3 O-O 9. e3 c5 10. dxc5 Qxd3 11. Bxd3 Nxc5 12. Bc2 Nc6 13. O-O e5 14. Rd1 Be6
15. Ng5 h6 16. Nxe6 fxe6 17. Rb1 Rad8 18. Rxd8 Rxd8 19. Bb2 Rd2 20. Rc1 Nd3 21.
Bxd3 Rxd3 22. Kf1 Rd2 23. Rb1 e4 24. Ke1 Rd3 25. Ke2 g5 26. f3 Rd6 27. fxe4 Ne5
28. Rc1 Nc4 29. Rc2 Nxb2 30. Rxb2 b6 31. g3 e5 32. Rb5 Re6 33. c4 Kf7 34. c5
bxc5 35. Rxc5 Kf6 36. Ra5 a6 37. Kd3 g4 38. Kc4 h5 39. a4 Kg5 40. Kb4 h4 41.
gxh4+ Kxh4 42. Rc5 Kh3 43. Rc2 g3 44. hxg3 Kxg3 45. Rc3 Kf3 46. Ka5 Kxe4 47.
Kb4 Kf5 48. Rc4 e4 49. Rc5+ Re5 50. Rxe5+ Kxe5 51. Ka5 Kd5 52. Kxa6 Kc4 53. a5
Kd3 54. Kb6 Kxe3 55. a6 Kf4 56. a7 e3 57. a8=Q e2 58. Qf8+ Ke3 59. Qe7+ Kf2 60.
Qf6+ Ke1 61. Kb5 Kd1 62. Qd4+ Ke1 63. Kb4 Kf1 64. Qf4+ Kg2 65. Qe3 Kf1 66. Qf3+
Ke1 67. Kc3 Kd1 68. Qd3+ Ke1 69. Kc2 Kf2 70. Qf5+ Ke1 71. Kb2 Kd1 72. Qd3+ Ke1
73. Kc2 Kf2 74. Kd2 e1=Q+ 75. Kc2 Qe2+ 76. Kc3 Qxd3+ 77. Kxd3 1/2-1/2

[Event "Junior Online 4NCL Division 4"]
[Site "online"]
[Date "2020.10.15"]
[Round "5.193"]
[White "Minhas, Salar"]
[Black "Gold, Arthur"]
[Result "0-1"]
[WhiteElo "880"]
[BlackElo "1075"]
[PlyCount "138"]
[EventDate "2020.10.15"]
[WhiteTeam "Coldfall Bishops"]
[BlackTeam "Barnet Knights E"]

1. e4 e5 2. Nf3 Nc6 3. Bc4 Nd4 4. Nxd4 exd4 5. c3 dxc3 6. Nxc3 Bc5 7. d3 Nf6 8.
Bf4 d6 9. h3 O-O 10. Qd2 Re8 11. O-O-O Nh5 12. Rde1 Qf6 13. Bg5 Qxf2 14. Qxf2
Bxf2 15. Ref1 Rf8 16. Rxf2 Ng3 17. Re1 Bd7 18. Bf4 Nh5 19. g4 Nxf4 20. Rxf4 b5
21. Nxb5 Bxb5 22. Bxb5 Rab8 23. Bc4 c6 24. Ref1 Rb7 25. d4 Rd7 26. Rd1 d5 27.
exd5 cxd5 28. Bb5 Rc7+ 29. Kd2 Rfc8 30. Ba6 Rc2+ 31. Kd3 R8c6 32. Bb5 Rc8 33.
Re1 Rxb2 34. Bd7 Rd8 35. a4 Rb3+ 36. Kc2 Rb7 37. Bc6 Rc7 38. Kd3 Rxc6 39. Rf3
Rdc8 40. Ke2 Re8+ 41. Kf2 Rc2+ 42. Kf1 Rxe1+ 43. Kxe1 g6 44. a5 Ra2 45. Re3
Rxa5 46. Re8+ Kg7 47. Ke2 Ra4 48. Ke3 Ra1 49. Kf4 Rf1+ 50. Ke5 Re1+ 51. Kxd5
Rxe8 52. Kc5 Rb8 53. d5 a6 54. d6 Rd8 55. Kc6 a5 56. d7 a4 57. Kc7 Rxd7+ 58.
Kxd7 a3 59. Kc6 a2 60. Kc5 a1=Q 61. h4 Qa6 62. h5 Qa4 63. hxg6 hxg6 64. g5 Kf8
65. Kd6 Qa5 66. Kc6 Ke7 67. Kb7 Kd6 68. Kc8 Qa7 69. Kd8 Qd7# 0-1

[Event "Junior Online 4NCL Division 4"]
[Site "online"]
[Date "2020.10.15"]
[Round "5.194"]
[White "Dudhia, Vansh"]
[Black "Agasee, Emilio"]
[Result "0-1"]
[WhiteElo "1052"]
[BlackElo "900"]
[PlyCount "122"]
[EventDate "2020.10.15"]
[WhiteTeam "Barnet Knights E"]
[BlackTeam "Coldfall Bishops"]

1. e4 e5 2. Nf3 Nc6 3. Nc3 Nf6 4. d3 h6 5. Be2 d6 6. O-O Bg4 7. Be3 Be7 8. a4
a5 9. b3 O-O 10. Nb5 Bxf3 11. Bxf3 d5 12. Qe2 dxe4 13. dxe4 Bb4 14. Rad1 Qe7
15. c3 Bc5 16. Bxc5 Qxc5 17. Nxc7 Rac8 18. Nb5 Rfd8 19. Rxd8+ Rxd8 20. Rd1
Rxd1+ 21. Qxd1 Qe7 22. c4 Qd8 23. Qxd8+ Nxd8 24. Nc7 Nc6 25. c5 Nd4 26. Bd1
Nxe4 27. Bg4 f5 28. Bh5 Nxc5 29. Ne8 Ncxb3 30. Nd6 b6 31. Bf7+ Kf8 32. Bxb3
Nxb3 33. Nxf5 Nc5 34. Nd6 Nxa4 35. Nc4 b5 36. Nxe5 b4 37. Nc4 b3 38. Kf1 b2 39.
Nxb2 Nxb2 40. Ke1 a4 41. Kd2 a3 42. Kc1 Ke7 43. Kb1 Kd6 44. Ka2 Kc5 45. Kxa3
Nc4+ 46. Kb3 Kd4 47. g4 Ne5 48. f3 Nxf3 49. h3 Ke4 50. Kc4 Kf4 51. Kd5 Kg3 52.
Ke6 Kxh3 53. Kf7 g5 54. Kg6 Kxg4 55. Kxh6 Ne5 56. Kg7 Kf4 57. Kh6 g4 58. Kh5
Nf3 59. Kg6 g3 60. Kh5 g2 61. Kh6 g1=Q 0-1

[Event "Junior Online 4NCL Division 4"]
[Site "online"]
[Date "2020.10.15"]
[Round "5.195"]
[White "Rowland, Benjamin"]
[Black "Spitz, Danny"]
[Result "1-0"]
[WhiteElo "1142"]
[BlackElo "900"]
[PlyCount "107"]
[EventDate "2020.10.15"]
[WhiteTeam "Barnet Knights E"]
[BlackTeam "Coldfall Bishops"]

1. e4 Nf6 2. e5 Nd5 3. d4 e6 4. Nf3 Nc6 5. Bc4 d6 6. O-O dxe5 7. dxe5 Be7 8.
Nc3 Nxc3 9. Qxd8+ Bxd8 10. bxc3 Be7 11. Bb5 O-O 12. Nd4 Nxe5 13. Bf4 Ng6 14.
Bxc7 Bf6 15. Bd6 Rd8 16. Bc5 b6 17. Bc6 Rb8 18. Ba3 Bxd4 19. cxd4 Rxd4 20. Rad1
Rxd1 21. Rxd1 h6 22. Rd8+ Kh7 23. Be4 f5 24. Bf3 Ne7 25. Bxe7 g5 26. g4 f4 27.
Be4+ Kg7 28. Bf8+ Kf7 29. Bxh6 Ke7 30. Bxg5+ Kf7 31. Bxf4 Bb7 32. Rxb8 Bxe4 33.
c3 Kf6 34. Rf8+ Ke7 35. Rh8 Kf7 36. Rd8 Kg7 37. Rd7+ Kh8 38. Be5+ Kg8 39. h4
Kf8 40. h5 Kg8 41. h6 Kf8 42. h7 Bxh7 43. Rxh7 Kg8 44. Rxa7 Kf8 45. f4 Kg8 46.
f5 exf5 47. gxf5 Kf8 48. f6 Kg8 49. Rg7+ Kf8 50. Bd6+ Ke8 51. Re7+ Kf8 52. Rb7+
Ke8 53. f7+ Kd8 54. f8=Q# 1-0

[Event "Junior Online 4NCL Division 4"]
[Site "online"]
[Date "2020.10.15"]
[Round "5.196"]
[White "Haga, Xander"]
[Black "Khoo, Cheng Fong Winston"]
[Result "1-0"]
[WhiteElo "857"]
[BlackElo "1090"]
[PlyCount "119"]
[EventDate "2020.10.15"]
[WhiteTeam "Coldfall Bishops"]
[BlackTeam "Barnet Knights E"]

1. e4 e5 2. Nf3 Nc6 3. Bc4 Nf6 4. Ng5 Bc5 5. Nxf7 Bxf2+ 6. Kxf2 Nxe4+ 7. Ke1
Qh4+ 8. Ke2 Qf2+ 9. Kd3 Qd4+ 10. Ke2 Qxc4+ 11. d3 Qxf7 12. dxe4 Qh5+ 13. Kd3
Qxd1+ 14. Rxd1 O-O 15. Nc3 Rf2 16. Rg1 Nb4+ 17. Kc4 Nxc2 18. Rb1 d6 19. b3 Nd4
20. Be3 Rf7 21. Bxd4 exd4 22. Kxd4 Rf4 23. g3 Rg4 24. h3 Rg5 25. h4 Rh5 26. Nd5
c6 27. Nf4 Re5 28. Nd3 Re8 29. Rbe1 d5 30. e5 Re6 31. Nf4 Re7 32. e6 b6 33. g4
Bb7 34. h5 h6 35. g5 hxg5 36. Rxg5 Rae8 37. h6 Bc8 38. Rge5 gxh6 39. Rg1+ Kh7
40. Nh5 Rf8 41. b4 Rxe6 42. Rxe6 Bxe6 43. Rg7+ Kh8 44. Rxa7 Rf5 45. Ng7 Rf4+
46. Ke5 Rg4 47. Nxe6 Rxb4 48. Ra8+ Kh7 49. a4 h5 50. Ra7+ Kh6 51. Kf5 h4 52.
Nf4 Rb3 53. Ra8 d4 54. Kf6 Kh7 55. Kf7 d3 56. Rd8 c5 57. Nxd3 h3 58. Rd5 Kh6
59. Nf4 Rf3 60. Rh5# 1-0

[Event "Junior Online 4NCL Division 4"]
[Site "online"]
[Date "2020.10.15"]
[Round "5.197"]
[White "Gold, Arthur"]
[Black "Minhas, Salar"]
[Result "1-0"]
[WhiteElo "1075"]
[BlackElo "880"]
[PlyCount "29"]
[EventDate "2020.10.15"]
[WhiteTeam "Barnet Knights E"]
[BlackTeam "Coldfall Bishops"]

1. e4 e5 2. Nf3 Nc6 3. Bc4 Bc5 4. Nc3 Nf6 5. Ng5 O-O 6. O-O h6 7. Nf3 g5 8. d3
d6 9. Nxg5 hxg5 10. Bxg5 Nd7 11. Bxd8 Rxd8 12. Qg4+ Kf8 13. Qf5 f6 14. Qh7 Ke8
15. Qf7# 1-0

[Event "Junior Online 4NCL Division 4"]
[Site "online"]
[Date "2020.10.15"]
[Round "5.198"]
[White "Agasee, Emilio"]
[Black "Dudhia, Vansh"]
[Result "1-0"]
[WhiteElo "900"]
[BlackElo "1052"]
[PlyCount "99"]
[EventDate "2020.10.15"]
[WhiteTeam "Coldfall Bishops"]
[BlackTeam "Barnet Knights E"]

1. e4 e5 2. Nf3 Nc6 3. Bc4 Nf6 4. Nc3 d6 5. h3 Be6 6. Bb3 Bxb3 7. axb3 Be7 8.
d3 O-O 9. O-O Qd7 10. Nd5 Nxd5 11. exd5 Nd4 12. Nxd4 exd4 13. c3 dxc3 14. bxc3
Bf6 15. d4 Rae8 16. Bb2 a6 17. Qd2 h6 18. Qd3 c6 19. dxc6 Qxc6 20. Rfe1 Rxe1+
21. Rxe1 Re8 22. Rxe8+ Qxe8 23. Qe3 Qxe3 24. fxe3 Bg5 25. Bc1 Bh4 26. e4 Bg5
27. Bxg5 hxg5 28. e5 dxe5 29. dxe5 Kf8 30. Kf2 Ke7 31. Ke3 Ke6 32. Kd4 Kf5 33.
c4 Kf4 34. c5 Kg3 35. Kd5 Kxg2 36. Kd6 Kxh3 37. Ke7 f6 38. Kf7 Kg4 39. e6 Kf5
40. e7 Ke5 41. e8=Q+ Kd5 42. Qe6+ Kxc5 43. Qf5+ Kb6 44. Kxg7 Ka7 45. Kxf6 Ka8
46. Ke6 Ka7 47. Kd6 Ka8 48. Kc7 Ka7 49. Qf8 g4 50. Qb8# 1-0

[Event "Junior Online 4NCL Division 4"]
[Site "online"]
[Date "2020.10.15"]
[Round "5.201"]
[White "Sukumar, Vishnu"]
[Black "Bass, Finn"]
[Result "1-0"]
[WhiteElo "1000"]
[BlackElo "812"]
[PlyCount "55"]
[EventDate "2020.10.15"]
[WhiteTeam "Surbiton Juniors E"]
[BlackTeam "Rhodes Avenue Rooks"]

1. e4 e5 2. Nf3 Nc6 3. Bc4 Nf6 4. Nc3 Bc5 5. Ng5 O-O 6. Nxf7 Rxf7 7. Bxf7+ Kxf7
8. O-O d6 9. Qf3 Bg4 10. Qd3 Nd4 11. Qc4+ Ne6 12. h3 Bh5 13. Nd5 Nxd5 14. Qxd5
Be2 15. Re1 Bh5 16. d3 c6 17. Qb3 d5 18. Be3 Bxe3 19. Rxe3 Nc5 20. Qb4 Na6 21.
Qxb7+ Nc7 22. Qxc6 a6 23. exd5 Nxd5 24. Rxe5 Ne7 25. Qe6+ Ke8 26. Rxh5 g6 27.
Rxh7 Rb8 28. Rh8# 1-0

[Event "Junior Online 4NCL Division 4"]
[Site "online"]
[Date "2020.10.15"]
[Round "5.202"]
[White "Balsys, Leo"]
[Black "Ong-Seng, Miles"]
[Result "1-0"]
[WhiteElo "875"]
[BlackElo "900"]
[PlyCount "23"]
[EventDate "2020.10.15"]
[WhiteTeam "Rhodes Avenue Rooks"]
[BlackTeam "Surbiton Juniors E"]

1. e4 e6 2. d4 d5 3. e5 f6 4. Nf3 fxe5 5. Bg5 Be7 6. Bxe7 Nxe7 7. Nc3 exd4 8.
Qxd4 O-O 9. Bd3 Nbc6 10. Qh4 g6 11. Ng5 Nd4 12. Qxh7# 1-0

[Event "Junior Online 4NCL Division 4"]
[Site "online"]
[Date "2020.10.15"]
[Round "5.203"]
[White "Hutchison, Alec"]
[Black "O'Connor, Ethan"]
[Result "1-0"]
[WhiteElo "925"]
[BlackElo "875"]
[PlyCount "27"]
[EventDate "2020.10.15"]
[WhiteTeam "Surbiton Juniors E"]
[BlackTeam "Rhodes Avenue Rooks"]

1. e4 e5 2. Nf3 Nc6 3. Bb5 d5 4. Bxc6+ bxc6 5. exd5 Qxd5 6. Nc3 Qc5 7. O-O e4
8. Nxe4 Qb5 9. Nc3 Qb6 10. b3 Nf6 11. Bb2 Ng4 12. Re1+ Be7 13. Qe2 Bf5 14.
Qxe7# 1-0

[Event "Junior Online 4NCL Division 4"]
[Site "online"]
[Date "2020.10.15"]
[Round "5.204"]
[White "Wilson, Donnie"]
[Black "Ciais, Dimitri P"]
[Result "1-0"]
[WhiteElo "875"]
[BlackElo "827"]
[PlyCount "35"]
[EventDate "2020.10.15"]
[WhiteTeam "Rhodes Avenue Rooks"]
[BlackTeam "Surbiton Juniors E"]

1. e4 e5 2. Qh5 Nf6 3. Qxe5+ Be7 4. Qg5 Nxe4 5. Qxg7 Bf6 6. Qh6 Qe7 7. d3 Ng3+
8. Be2 Qxe2+ 9. Nxe2 Nxh1 10. Qxf6 Rf8 11. Qg7 d5 12. Nd4 c5 13. Nf5 Bxf5 14.
Qg5 Bg6 15. Qe5+ Kd8 16. Bg5+ Kc8 17. Qe7 Rd8 18. Qxd8# 1-0

[Event "Junior Online 4NCL Division 4"]
[Site "online"]
[Date "2020.10.15"]
[Round "5.205"]
[White "Bass, Finn"]
[Black "Sukumar, Vishnu"]
[Result "0-1"]
[WhiteElo "812"]
[BlackElo "1000"]
[PlyCount "74"]
[EventDate "2020.10.15"]
[WhiteTeam "Rhodes Avenue Rooks"]
[BlackTeam "Surbiton Juniors E"]

1. e4 e5 2. Nf3 Nc6 3. Nc3 Nf6 4. Bc4 Ng4 5. Ng5 Qxg5 6. d4 exd4 7. Bxg5 dxc3
8. bxc3 Bc5 9. O-O Nxf2 10. Rxf2 Bxf2+ 11. Kxf2 O-O 12. Qh5 Ne5 13. Bb3 d6 14.
Be7 Bg4 15. Qg5 Rfe8 16. h3 Bd7 17. h4 Ng4+ 18. Qxg4 Bxg4 19. Bg5 Rxe4 20. Bd5
Re2+ 21. Kg3 Be6 22. Bxb7 Rb8 23. Bf3 Rxc2 24. Be4 Rxc3+ 25. Bf3 Bd5 26. Rd1
Bxf3 27. gxf3 h6 28. Bd2 Rd3 29. Ba5 Rxd1 30. Bxc7 Rb2 31. a4 Rd3 32. a5 a6 33.
Bd8 Rbb3 34. Bb6 Rxf3+ 35. Kg4 h5+ 36. Kxh5 Rb4 37. Bc7 Rf5# 0-1

[Event "Junior Online 4NCL Division 4"]
[Site "online"]
[Date "2020.10.15"]
[Round "5.206"]
[White "Ong-Seng, Miles"]
[Black "Balsys, Leo"]
[Result "0-1"]
[WhiteElo "900"]
[BlackElo "875"]
[PlyCount "26"]
[EventDate "2020.10.15"]
[WhiteTeam "Surbiton Juniors E"]
[BlackTeam "Rhodes Avenue Rooks"]

1. e4 e5 2. Nf3 Nc6 3. Bc4 Nf6 4. Nc3 Be7 5. O-O d6 6. Ng5 d5 7. exd5 Na5 8. d6
Qxd6 9. Nxf7 Qc6 10. Nxh8 Nxc4 11. b3 b5 12. bxc4 Bb7 13. cxb5 Qxg2# 0-1

[Event "Junior Online 4NCL Division 4"]
[Site "online"]
[Date "2020.10.15"]
[Round "5.207"]
[White "O'Connor, Ethan"]
[Black "Hutchison, Alec"]
[Result "0-1"]
[WhiteElo "875"]
[BlackElo "925"]
[PlyCount "98"]
[EventDate "2020.10.15"]
[WhiteTeam "Rhodes Avenue Rooks"]
[BlackTeam "Surbiton Juniors E"]

1. e4 e5 2. Nf3 Nc6 3. d4 exd4 4. Nxd4 Nxd4 5. Qxd4 Nf6 6. Nc3 b6 7. Bf4 Bc5 8.
Qd2 O-O 9. O-O-O Bb7 10. Nd5 Nxd5 11. exd5 c6 12. Qd3 cxd5 13. Qg3 g6 14. Bc7
Qe7 15. Be5 Rfe8 16. Re1 Bd6 17. f4 Bxe5 18. fxe5 Rac8 19. c3 d4 20. Bc4 dxc3
21. bxc3 Rxc4 22. e6 dxe6 23. Qe5 Bxg2 24. Rhg1 Bd5 25. Rg3 f6 26. Qe3 Qa3+ 27.
Kc2 Qxa2+ 28. Kd3 Qb3 29. Rf1 Qxc3+ 30. Ke2 Qc2+ 31. Ke1 Qc1+ 32. Qxc1 Rxc1+
33. Ke2 Bc4+ 34. Kd2 Rxf1 35. Rc3 Bd5 36. Rd3 Rf2+ 37. Ke3 Rf3+ 38. Kd4 Rxd3+
39. Kxd3 Ra8 40. Kd4 Rc8 41. Kd3 b5 42. Kd4 b4 43. Kd3 b3 44. Kd4 b2 45. Kd3
b1=Q+ 46. Kd4 Qb4+ 47. Kd3 Rc3+ 48. Kd2 Qb2+ 49. Ke1 Rc1# 0-1

[Event "Junior Online 4NCL Division 4"]
[Site "online"]
[Date "2020.10.15"]
[Round "5.208"]
[White "Ciais, Dimitri P"]
[Black "Wilson, Donnie"]
[Result "1-0"]
[WhiteElo "827"]
[BlackElo "875"]
[PlyCount "129"]
[EventDate "2020.10.15"]
[WhiteTeam "Surbiton Juniors E"]
[BlackTeam "Rhodes Avenue Rooks"]

1. e4 e5 2. Nf3 Qf6 3. Nc3 Qf4 4. Qe2 g5 5. Nd5 Qg4 6. Nxc7+ Kd8 7. h3 Qf4 8.
g3 Qf6 9. Nxa8 Nc6 10. b4 Nd4 11. Qc4 Qxf3 12. Qc7+ Ke7 13. Qxc8 Qxh1 14. c3
Nf3+ 15. Ke2 Nh2 16. Ba3 Qxf1+ 17. Rxf1 Nxf1 18. Kxf1 Bg7 19. b5+ Ke6 20. Qxb7
Bh6 21. Qd5+ Kf6 22. Qxd7 Ne7 23. Qxa7 Ng6 24. Qb6+ Kg7 25. Nc7 g4 26. h4 Bxd2
27. h5 Ne7 28. Qb7 Bxc3 29. Ne6+ Kf6 30. Qb6 fxe6 31. Qe3 Bd4 32. Qc1 Nc8 33.
Qc4 Nb6 34. Qc6 Na4 35. Qc7 Bb2 36. Bxb2 Nxb2 37. b6 Nd3 38. b7 Nxf2 39. a4
Nxe4 40. a5 Nxg3+ 41. Kf2 Nxh5 42. a6 g3+ 43. Kg2 e4 44. b8=Q Rxb8 45. Qxb8 e3
46. Qb2+ Kf5 47. Qe2 Kf4 48. Qxh5 e5 49. Qe2 e4 50. a7 h5 51. a8=Q h4 52. Qf8+
Ke5 53. Qb2+ Kd5 54. Qe8 Kd6 55. Qbb5 Kc7 56. Qbe5+ Kb6 57. Qxe4 Kc5 58. Qxe3+
Kd5 59. Qh5+ Kc4 60. Qxh4+ Kd5 61. Qexg3 Kc5 62. Qgg5+ Kc6 63. Qhh6+ Kc7 64.
Qgg7+ Kd8 65. Qhh8# 1-0

[Event "Junior Online 4NCL Division 4"]
[Site "online"]
[Date "2020.10.15"]
[Round "5.211"]
[White "Richards, Hal"]
[Black "Sundararaju, Ritvik"]
[Result "0-1"]
[WhiteElo "900"]
[BlackElo "700"]
[PlyCount "124"]
[EventDate "2020.10.15"]
[WhiteTeam "Coldfall Knights"]
[BlackTeam "Uxbridge Juniors D"]

1. e4 e5 2. Nf3 Nc6 3. Bc4 Qf6 4. O-O Na5 5. d3 Nxc4 6. dxc4 b6 7. Nc3 Ba6 8.
Bg5 Qg6 9. Nd5 Rc8 10. Nxe5 Qxg5 11. Nf3 Qg4 12. h3 Qxe4 13. Nc3 Qxc4 14. Re1+
Be7 15. Qd3 Qxd3 16. cxd3 Bxd3 17. Nb5 Bxb5 18. Ne5 Bb4 19. Nf3+ Kf8 20. Red1
Nf6 21. Nd4 Be2 22. Nxe2 Ne4 23. Rd4 c5 24. Rxe4 d5 25. Re3 d4 26. Re5 Rd8 27.
a3 f6 28. Re6 Bd2 29. g3 d3 30. Nf4 Bxf4 31. gxf4 d2 32. b4 cxb4 33. axb4 d1=Q+
34. Rxd1 Rxd1+ 35. Kg2 Kf7 36. f5 Re8 37. Rc6 Re5 38. Rc7+ Ke8 39. Rxa7 Rxf5
40. Ra6 Rd6 41. b5 Rxb5 42. Ra8+ Rd8 43. Ra1 Rg5+ 44. Kf1 Rh5 45. Re1+ Kf7 46.
Kg2 b5 47. f4 b4 48. f5 Rxf5 49. h4 Rb8 50. Kg3 g6 51. Kg4 h5+ 52. Kh3 b3 53.
Rb1 b2 54. Kg2 Rf4 55. Kg3 Rbb4 56. Kg2 Rxh4 57. Rh1 Rxh1 58. Kxh1 b1=Q+ 59.
Kg2 Qc2+ 60. Kf3 Qc3+ 61. Ke2 Rb2+ 62. Kd1 Qd2# 0-1

[Event "Junior Online 4NCL Division 4"]
[Site "online"]
[Date "2020.10.15"]
[Round "5.212"]
[White "Machutadze, Nicholas"]
[Black "Ward-Murphy, Nicolas"]
[Result "1/2-1/2"]
[WhiteElo "700"]
[BlackElo "900"]
[PlyCount "103"]
[EventDate "2020.10.15"]
[WhiteTeam "Uxbridge Juniors D"]
[BlackTeam "Coldfall Knights"]

1. e4 e5 2. Bc4 Bc5 3. d3 Nc6 4. Nf3 Nf6 5. O-O O-O 6. Bg5 h6 7. Bh4 d6 8. Na3
Bg4 9. h3 Bh5 10. Bxf6 Qxf6 11. Nh4 Bxd1 12. Raxd1 Qxh4 13. Nb5 Na5 14. Nxc7
Rac8 15. Nb5 Nxc4 16. dxc4 f5 17. exf5 Rxf5 18. Rd2 Rcf8 19. Kh2 Rxf2 20. Rfxf2
Rxf2 21. Rxf2 Bxf2 22. Nxd6 Qg3+ 23. Kh1 Qxg2+ 24. Kxg2 Bc5 25. Nf5 e4 26. Kf1
h5 27. Ke2 g5 28. Ng3 h4 29. Nxe4 g4 30. hxg4 h3 31. Kf1 h2 32. Kg2 Bg1 33. c5
Kg7 34. Nd6 b6 35. c6 Kg6 36. c7 Kg5 37. c8=Q Kh4 38. a4 a5 39. c3 Kg5 40. Qf5+
Kh4 41. b4 axb4 42. cxb4 b5 43. axb5 Ba7 44. Nc8 h1=Q+ 45. Kxh1 Be3 46. b6 Kg3
47. b7 Kh4 48. b8=Q Kh3 49. Qbe5 Bf2 50. Qxf2 Kxg4 51. Qe4+ Kh3 52. b5 1/2-1/2

[Event "Junior Online 4NCL Division 4"]
[Site "online"]
[Date "2020.10.15"]
[Round "5.213"]
[White "Haga, Viktor"]
[Black "Jones, Theo"]
[Result "1-0"]
[WhiteElo "900"]
[BlackElo "700"]
[PlyCount "61"]
[EventDate "2020.10.15"]
[WhiteTeam "Coldfall Knights"]
[BlackTeam "Uxbridge Juniors D"]

1. e4 e6 2. d4 Nf6 3. Nc3 Be7 4. Bc4 O-O 5. Nf3 d6 6. Bg5 Bd7 7. O-O Nc6 8. Ne5
dxe5 9. dxe5 Ng4 10. Bxe7 Qxe7 11. Qxg4 Qe8 12. Ne2 Nxe5 13. Qg3 Nxc4 14. Nf4
Qd8 15. Nh5 g6 16. Nf4 Bc6 17. b3 Na3 18. Nh3 Nxc2 19. Rac1 Nb4 20. a4 Bxe4 21.
Ng5 h6 22. Nxe4 Nd5 23. Qh3 Ne7 24. Nf6+ Kg7 25. Ne4 e5 26. Qf3 g5 27. Qf6+ Kh7
28. Qxe5 c6 29. Nf6+ Kg7 30. Nh5+ Kh7 31. Qg7# 1-0

[Event "Junior Online 4NCL Division 4"]
[Site "online"]
[Date "2020.10.15"]
[Round "5.214"]
[White "Huckridge, Jake"]
[Black "Corrall, Ruby"]
[Result "0-1"]
[WhiteElo "700"]
[BlackElo "900"]
[PlyCount "90"]
[EventDate "2020.10.15"]
[WhiteTeam "Uxbridge Juniors D"]
[BlackTeam "Coldfall Knights"]

1. d4 d5 2. e3 Bf5 3. Bb5+ c6 4. Bd3 Bg6 5. Bxg6 hxg6 6. Nf3 e6 7. c3 Bd6 8. b4
Nf6 9. Nbd2 Nbd7 10. Qa4 Ne4 11. Nxe4 dxe4 12. Nd2 f5 13. g3 e5 14. dxe5 Nxe5
15. Nc4 Nxc4 16. b5 Be5 17. bxc6 Bxc3+ 18. Kf1 Nb6 19. Qb5 Bxa1 20. cxb7+ Kf8
21. bxa8=Q Nxa8 22. Bb2 Bxb2 23. Qxb2 Kf7 24. Qb3+ Kf6 25. Qb2+ Kg5 26. Qxg7
Qd1+ 27. Kg2 Qf3+ 28. Kf1 Qxh1+ 29. Ke2 Rxh2 30. Qxa7 Qf3+ 31. Kd2 Rxf2+ 32.
Kc3 Qe2 33. Qe7+ Kg4 34. Qh4+ Kf3 35. Qf4+ Kg2 36. Qb8 Qxe3+ 37. Kc4 Rc2+ 38.
Kb5 Rb2+ 39. Kc6 Rxb8 40. a4 Qd3 41. a5 Rc8+ 42. Kb7 Rc2 43. Kxa8 Qb5 44. Ka7
Ra2 45. Ka8 Rxa5# 0-1

[Event "Junior Online 4NCL Division 4"]
[Site "online"]
[Date "2020.10.15"]
[Round "5.215"]
[White "Sundararaju, Ritvik"]
[Black "Richards, Hal"]
[Result "1-0"]
[WhiteElo "700"]
[BlackElo "900"]
[PlyCount "63"]
[EventDate "2020.10.15"]
[WhiteTeam "Uxbridge Juniors D"]
[BlackTeam "Coldfall Knights"]

1. e4 e5 2. Qf3 Nf6 3. Nh3 Bc5 4. Bc4 O-O 5. O-O d6 6. Ng5 Bg4 7. Qb3 h6 8.
Bxf7+ Kh8 9. Ne6 Qe8 10. Bxe8 Rxe8 11. Nxc7 Nc6 12. Nxa8 Rxa8 13. Qxb7 Rb8 14.
Qxc6 Nxe4 15. Qxe4 Be2 16. Qxe2 Bxf2+ 17. Qxf2 e4 18. d3 d5 19. dxe4 dxe4 20.
Bf4 Re8 21. Qe3 g5 22. Bd6 a5 23. Nc3 a4 24. Nxe4 a3 25. Qd4+ Kg8 26. Nf6+ Kg7
27. Nxe8+ Kg6 28. Qg7+ Kh5 29. bxa3 Kg4 30. h3+ Kh5 31. g4+ Kh4 32. Qxh6# 1-0

[Event "Junior Online 4NCL Division 4"]
[Site "online"]
[Date "2020.10.15"]
[Round "5.216"]
[White "Ward-Murphy, Nicolas"]
[Black "Machutadze, Nicholas"]
[Result "1-0"]
[WhiteElo "900"]
[BlackElo "700"]
[PlyCount "101"]
[EventDate "2020.10.15"]
[WhiteTeam "Coldfall Knights"]
[BlackTeam "Uxbridge Juniors D"]

1. e4 e5 2. Bc4 Bc5 3. Nf3 d6 4. Nc3 Nf6 5. O-O Bg4 6. h3 Bh5 7. d3 O-O 8. Bg5
h6 9. Bh4 Nc6 10. Qd2 a6 11. Rae1 b6 12. b3 b5 13. b4 Bxb4 14. a3 Bxa3 15. Ra1
Bc5 16. Rfb1 bxc4 17. dxc4 Qc8 18. Na4 g6 19. Bxf6 g5 20. Qc1 Qe6 21. Bxg5 hxg5
22. Nxg5 Qg6 23. Nc3 f6 24. Ne6 Rfc8 25. Rb7 Qf7 26. Nxc5 dxc5 27. Nd5 a5 28.
Nc3 Nd4 29. Qe3 Nxc2 30. Qc1 Nxa1 31. Qxa1 Qxc4 32. Rb1 Qd4 33. Re1 Qd2 34. Re3
Kf8 35. g4 Bg6 36. Qa3 Qd6 37. Nb5 Qe7 38. Qd3 Rab8 39. Nc3 c6 40. Qa6 Ra8 41.
Qb6 Be8 42. h4 c4 43. h5 Qh7 44. Na4 Qg7 45. Nc5 Qxg4+ 46. Rg3 Qxh5 47. Nb7 a4
48. Qc5+ Kf7 49. Nd6+ Kf8 50. Nxc8+ Kf7 51. Qe7# 1-0

[Event "Junior Online 4NCL Division 4"]
[Site "online"]
[Date "2020.10.15"]
[Round "5.217"]
[White "Jones, Theo"]
[Black "Haga, Viktor"]
[Result "0-1"]
[WhiteElo "700"]
[BlackElo "900"]
[PlyCount "60"]
[EventDate "2020.10.15"]
[WhiteTeam "Uxbridge Juniors D"]
[BlackTeam "Coldfall Knights"]

1. e3 e5 2. Nf3 Nc6 3. Be2 Bc5 4. Nc3 Nf6 5. d3 O-O 6. Bd2 b6 7. O-O Bb7 8. b3
Nb4 9. g3 Ng4 10. h3 Nf6 11. Nxe5 Bd6 12. Nxd7 Qxd7 13. Bf3 Bxf3 14. Be1 Bxd1
15. Rxd1 Nxc2 16. Rc1 Nb4 17. a3 Nxd3 18. Rd1 Nxe1 19. Rdxe1 Qxh3 20. f3 Bxg3
21. Re2 Nh5 22. Rd2 Be5 23. Rg2 Ng3 24. Rff2 Nf5 25. Ne2 Nxe3 26. a4 Nxg2 27.
Rxg2 Rfd8 28. Nc3 Bxc3 29. Rh2 Bd4+ 30. Kh1 Qf1# 0-1

[Event "Junior Online 4NCL Division 4"]
[Site "online"]
[Date "2020.10.15"]
[Round "5.218"]
[White "Corrall, Ruby"]
[Black "Huckridge, Jake"]
[Result "1-0"]
[WhiteElo "900"]
[BlackElo "700"]
[PlyCount "103"]
[EventDate "2020.10.15"]
[WhiteTeam "Coldfall Knights"]
[BlackTeam "Uxbridge Juniors D"]

1. d4 d5 2. Bf4 Bf5 3. e3 e6 4. c3 a6 5. Nf3 Nf6 6. Nbd2 Bd6 7. Bg3 Bxg3 8.
hxg3 Nc6 9. Ne5 Nxe5 10. dxe5 Ne4 11. Nxe4 Bxe4 12. Bd3 Bxd3 13. Qxd3 f6 14. f4
fxe5 15. fxe5 g6 16. Rf1 Qg5 17. e4 dxe4 18. Qxe4 O-O-O 19. b4 Qxg3+ 20. Ke2
Qxc3 21. Rac1 Qd4 22. Qc2 Kb8 23. Qxc7+ Ka7 24. Rf7 Qe4+ 25. Kf1 h5 26. Re1
Qxb4 27. Rd7 Rxd7 28. Qxd7 Qf4+ 29. Kg1 Rf8 30. Kh1 Qh4+ 31. Kg1 Qf2+ 32. Kh2
Qxe1 33. Qd4+ Kb8 34. Qd6+ Ka7 35. Qxf8 Qh4+ 36. Kg1 Qd4+ 37. Qf2 Qxf2+ 38.
Kxf2 b5 39. Kf3 Kb6 40. Kf4 a5 41. Kg5 b4 42. Kxg6 h4 43. Kf6 b3 44. axb3 Kb5
45. Kxe6 a4 46. bxa4+ Kxa4 47. Kd6 Kb4 48. e6 Kc4 49. e7 Kd4 50. e8=Q Kd3 51.
Qh5 Kc2 52. Qxh4 1-0

[Event "Junior Online 4NCL Division 4"]
[Site "online"]
[Date "2020.10.15"]
[Round "5.221"]
[White "Patel, Isabella"]
[Black "Leustean, Maia"]
[Result "0-1"]
[WhiteElo "1075"]
[BlackElo "1105"]
[PlyCount "90"]
[EventDate "2020.10.15"]
[WhiteTeam "May The Fork Be With You 8"]
[BlackTeam "Tetherdown Bishops"]

1. d4 d5 2. Bf4 Nf6 3. e3 Nc6 4. Nf3 Bf5 5. Bd3 Bg4 6. O-O e6 7. h3 Bh5 8. c3
Bd6 9. Bxd6 Qxd6 10. Qd2 Bxf3 11. gxf3 e5 12. dxe5 Qxe5 13. Re1 O-O 14. e4 dxe4
15. fxe4 g6 16. c4 Rad8 17. Nc3 Nd4 18. Re3 Qf4 19. Rf1 Qg5+ 20. Kh1 b5 21.
cxb5 Nxb5 22. Nxb5 Qxb5 23. Bxb5 Rxd2 24. e5 Nd5 25. Rf3 Rxb2 26. Bc4 Nb6 27.
Bb3 Re2 28. Rd1 Rxe5 29. a4 a5 30. Rd4 h5 31. Rdf4 Re7 32. h4 Nd7 33. Re3 Rxe3
34. fxe3 Nc5 35. Bd5 Nd3 36. Rf3 Ne5 37. Rg3 Ng4 38. Bc4 Nf2+ 39. Kg1 Ne4 40.
Rxg6+ Kh7 41. Bd3 fxg6 42. Bxe4 Re8 43. Bc2 Rxe3 44. Bd1 Rd3 45. Bxh5 gxh5 0-1